000 00470nam a22001697a 4500
999 _c164080
_d164080
005 20190509153345.0
010 _aB-181718
020 _a8178811030
035 _aB-181718
037 _bThe ICFAI University Press
082 _a658.812
100 _aManagement, Claims
245 _aClaims management vol. III /
_cClaims Management
260 _bThe ICFAI University Press
_c2002
300 _a159p
_c23cm (hbk)
942 _2ddc
_cEN
_h658.812
_mCLA